000 00643nam a2200229Ia 4500
003 OSt
005 20220928102052.0
006 a|||||r|||| 00| 0
007 ta
008 220927b |||||||| |||| 00| 0 eng d
024 _a59336
037 _cTextual
040 _aSDCL
_cSDCL
_beng
041 _2eng
_aeng
082 _aP15,Cx1,1,2:g, P3
100 _aVedhaladhaker Raguveer
_9396367
245 0 _aPaatjajleyogdarshan
_b Ek adhyanan
260 _aDelhi
_bEestern Book Linkers
_c2003
300 _a13p+204p
_ccm.
942 _hP15,Cx1,1,2:g, P3
_cTEXL
_2CC
999 _c712089
_d712089